Normal view
MARC view
- البيجاني، محمد بن سالم بن حسين الكرادي
Entry Personal Name
001 - CONTROL NUMBER
- control field: 9722
003 - CONTROL NUMBER IDENTIFIER
- control field: JO-AjAnu
005 - DATE AND TIME OF LATEST TRANSACTION
- control field: 20230606071850.0
008 - FIXED-LENGTH DATA ELEMENTS
- fixed length control field: 230606|| aca||aabn | a|a d
040 ## - CATALOGING SOURCE
- Original cataloging agency: JO-AjAnu
- Transcribing agency: JO-AjAnu
100 ## - HEADING--PERSONAL NAME
- Personal name: البيجاني، محمد بن سالم بن حسين الكرادي
670 ## - SOURCE DATA FOUND
- Source citation: Work cat.: (JO-AjAnu)5013: البيجاني، محمد بن سالم بن حسين الكرادي, author, أستاذ المرأة